000
00336nam a2200145Ia 4500
100
_a
Bhattacharyya/A.
942
_c
BK
654
_a
Metal cutting
245
_a
Metal cutting :theroy and practice
260
_b
Central Book Publishing
_a
Culcutta
_c
1984
082
_a
671.53
_b
BHA
300
_a
657
546
_a
ENGLISH
999
_c
32594
_d
32594